00576naa a2200157 a 450000100080000000500110000800800410001910000220006024500600008226000090014230000140015149000400016565000180020565300090022377301860023221589672023-11-30 2010 bl uuuu u00u1 u #d1 aCAVALCANTE, L. M. aGeomorfologia do estado do Acre.h[electronic resource] c2010 ap. 32-42. a(Coleção temática do ZEE, v. 2). aGeomorfologia aAcre tIn: SOUZA, C. M. de; ARAÚJO, E. A. de; MEDEIROS, M. da F. S. T.; MAGALHÃES, A. de A (org.). Recursos naturais: geologia, geomorfologia e solos do Acre. Rio Branco, AC: SEMA, 2010.